Zen buddhism (Record no. 912639)

MARC details
000 -LEADER
fixed length control field 00935nam a2200277Ia 4500
003 - CONTROL NUMBER IDENTIFIER
control field OSt
005 - DATE AND TIME OF LATEST TRANSACTION
control field 20221002045550.0
008 - FIXED-LENGTH DATA ELEMENTS--GENERAL INFORMATION
fixed length control field 220930b |||||||| |||| 00| 0 eng d
020 ## - INTERNATIONAL STANDARD BOOK NUMBER
International Standard Book Number 9788120832992 (hbk (Set))
037 ## - SOURCE OF ACQUISITION
Terms of availability Reference Collections
040 ## - CATALOGING SOURCE
Original cataloging agency CRL
Transcribing agency CRL
Language of cataloging eng
041 ## - LANGUAGE CODE
Source of code eng
Language code of text/sound track or separate title eng
100 ## - MAIN ENTRY--PERSONAL NAME
Personal name Dumoulin Heinrich
245 #0 - TITLE STATEMENT
Title Zen buddhism
Remainder of title a history
246 ## - VARYING FORM OF TITLE
Title proper/short title Available with Seminar Library
260 ## - PUBLICATION, DISTRIBUTION, ETC.
Place of publication, distribution, etc. Delhi
Name of publisher, distributor, etc. Motilal Banarsidass Publishers Private
Date of publication, distribution, etc. 2005
650 ## - SUBJECT ADDED ENTRY--TOPICAL TERM
Topical term or geographic name entry element RELIGION
700 ## - ADDED ENTRY--PERSONAL NAME
Personal name Heisig James W. Tr.
700 ## - ADDED ENTRY--PERSONAL NAME
Personal name Knitter Paul Tr.
942 ## - ADDED ENTRY ELEMENTS (KOHA)
Classification part Q4596, P5.1.-2(RR)
Koha item type
Source of classification or shelving scheme Colon Classification (CC)

No items available.

Copyright @ Delhi University Library System